| 000 | 00811nam a2200229 i 4500 | ||
|---|---|---|---|
| 003 | DO-SdBNP | ||
| 005 | 20240508073818.0 | ||
| 006 | a||||gr|||| 00| 0 | ||
| 007 | ta | ||
| 008 | 240105b190? dr aho|| |||| 00| 0 spa d | ||
| 040 |
_aDO-SdBNP _bspa _cBNPHU _erda |
||
| 082 | 4 |
_222 _bO77m |
|
| 100 | 1 |
_aOrtiz, Dante _96458 _eautor |
|
| 245 | 1 | 0 |
_aMovimiento obrero dominicano : _bconstruir un canto para todos. _cInvestigación y Difusión, Dantes Ortiz, Alejandro Paulino, María González |
| 264 |
_aSanto Domingo : _bArchivo General de la Nación, _c[90?] |
||
| 300 |
_a52 páginas : _bIlustraciones, facsímil, fotografías ; _c24 cm. |
||
| 336 |
_2rdacontent _atexto _btxt |
||
| 337 |
_2rdamedia _asin mediación _bn |
||
| 338 |
_2rdacarrier _avolumen _bnc |
||
| 590 | _aInventariado 2023 / MF | ||
| 942 |
_2ddc _cLBS1 |
||
| 999 |
_c55651 _d55651 |
||